| 000 | 00349nam a2200133Ia 4500 | ||
|---|---|---|---|
| 008 | 240624s9999 xx 000 0 und d | ||
| 041 | _aeng | ||
| 082 | _a362.1 TYA | ||
| 100 | _aTYAGI SANJIV | ||
| 245 | _aFROM GRAY TO GREEN NEW THOUGHTS ON ENVIR | ||
| 260 |
_c2010 _aNew Delhi _bExcel Books |
||
| 300 | _ax, : 212 : p. : cm. ; 21 | ||
| 365 |
_cRS _b32 |
||
| 999 |
_c15751 _d15751 |
||